banner-ar

المنمنمات فى اسبانيا الاسلامية : (Record no. 46145)

MARC details
000 -الفاتح
حقل البيانات ثابتة الطول 00827nam a2200205Ia 4500
008 - عناصر البيانات ثابتة الطول - معلومات عامة
حقل البيانات ثابتة الطول 140319s9999 xx 000 0 ara d
020 ## - الرقم الدولى المعيارى للكتب
الرقم الدولى المعيارى للكتاب 6206679960
040 ## - مصدر الفهرسة
وكالة الفهرسة الأصلية GCL /
وكالة النسخ GCL
082 04 - رقم تصنيف ديوى العشرى
رقم التصنيف 751.77
رقم المادة أ م
100 1# - المدخل الرئيسى - إسم شخصى
الإسم الشخصى محمد خير البقاعى (تعليق)
245 10 - بيان العنوان
العنوان المنمنمات فى اسبانيا الاسلامية :
بقية العنوان نظرات فى مخطوطة عربية مزخرفة فى مكتبة دير الاسكوريال مع 47 لوحة ،ثمان منها ملونة /
بيان المسئوليه,etc محمد خير البقاعى (تعليق)
700 1# - المدخل الاضافى - اسم شخصى
الإسم الشخصى اريي، رحيل
250 ## - بيان الطبعة
بيان الطبعة الاولى
260 ## - PUBLICATION, DISTRIBUTION, ETC. (IMPRINT)
تاريخ النشر أو التوزيع 2002
300 ## - الوصف المادى
التعداد 131 ص ؛
أبعاد الوعاء 19 سم
650 04 - المدخل الاضافى بالموضوع-مصطلح موضوعى
مصطلح موضوعي المنمنمات
650 04 - المدخل الاضافى بالموضوع-مصطلح موضوعى
مصطلح موضوعي اللوحات المصورة
942 ## - عناصر المدخل الإضافي( كوها)
مصدر التصنيف او مخطط الترفيف Dewey Decimal Classification
Koha [default] item type كتاب
260 ## - PUBLICATION, DISTRIBUTION, ETC. (IMPRINT)
-- الرياض :
-- دار الفيصل الثقافية ،
Holdings
حالة التراجع حالة الفقد حالة تلف ليس للاعارة المكان المؤقت الموقع الحالى تاريخ الاكتساب اجمالي اﻻعارات رقم الطلب الباركود تاريخ اخر مشاهدة تاريخ تفعيل السعر نوع وعاء كوها
        مكتبة القاهرة الكبرى مكتبة القاهرة الكبرى 03/26/2014   751.77 \ أ م 112337 03/26/2014 03/26/2014 كتاب
        مكتبة القاهرة الكبرى مكتبة القاهرة الكبرى 03/26/2014   751.77 \ أ م 112338 03/26/2014 03/26/2014 كتاب

Powered By

EGPV